000 00715nam a2200253Ia 4500
003 OSt
005 20221006142832.0
006 a|||||r|||| 00| 0
007 ta
008 221006b |||||||| |||| 00| 0 eng d
020 _a0856134287
_cP17.50
024 _a7,310
037 _cTextual
040 _aEASL
_cEASL
_beng
041 _2eng
_aeng
082 _aV42:191,(zM).N42, M2
100 _aWILLMOTT H P
_9108256
245 0 _aEmpires in the balance
_b Japanese and allied pacific strategies to April 1942
260 _aLondon
_bOrbis Pub.
_c1982
300 _a487p.
_ccm.
490 _v JEL
942 _hV42:191,(zM).N42, M2
_cTEXL
_2CC
999 _c1075396
_d1075396